| 000 | 01359nam a2200397Ia 4500 | ||
|---|---|---|---|
| 999 |
_c200425727 _d43650 |
||
| 003 | TR-AnTOB | ||
| 005 | 20190716100936.0 | ||
| 008 | 090804s2009 tu b 000 0 tur d | ||
| 020 | _a9789754580907 | ||
| 040 |
_aOSU _cTR-AnTOB _beng _erda |
||
| 041 | _atur | ||
| 049 | _aOSUU | ||
| 050 | 0 | 0 |
_aJQ1807 _b.G86 2009 |
| 090 |
_aJQ1807 _b.G86 2009 |
||
| 100 | 1 | _aGüneş, İhsan. | |
| 245 | 1 | 0 |
_aBirinci Türkiye Büyük Millet Meclisi'nin düşünce yapısı, (1920-1923) / _cİhsan Güneş. |
| 246 | 1 | 4 | _aBirinci TBMM'nin düşünce yapısı, (1920-1923) |
| 250 | _a3.bs. | ||
| 264 |
_aİstanbul : _bTürkiye İş Bankası Kültür Yayınları, _c2009. |
||
| 300 |
_a555 s. ; _c20 cm. |
||
| 336 |
_2rdacontent _a text _btxt |
||
| 337 |
_2rdamedia _aunmediated _bn |
||
| 338 |
_2rdacarrier _a volume _bnc |
||
| 490 | 0 |
_aTürkiye İş Bankası ; _v360 |
|
| 504 | _aKaynakçalar ve dizin var. | ||
| 530 | _aKarton kapak (Paperback) | ||
| 610 | 1 | 0 |
_aTurkey. _bBüyük Millet Meclisi _xHistory. |
| 650 | 0 |
_aLegislative bodies _zTurkey _xHistory |
|
| 650 | 0 |
_aYasama organları _zTürkiye _xTarihi |
|
| 650 | 0 |
_aAnayasa tarihi _zTürkiye |
|
| 650 | 0 |
_aConstitutional history _zTurkey |
|
| 651 | 0 |
_aTürkiye _xTarihi _yDevrim, 1918-1923. |
|
| 651 | 0 |
_aTurkey _xHistory _yRevolution, 1918-1923. |
|
| 942 |
_2lcc _cBK |
||